Регионална библиотека "Любен Каравелов" - Русе

Без милост към себе си (Запис номер 426343)

MARC детайли
000 -Лидер
Контролно поле с фиксирана дължина 01225nam a2200325 c 4500
003 - Код на организацията, давaща контролен номер
Контролно поле BLK
005 - Дата и час на последна редакция
Контролно поле 20210802153850.0
008 - Елементи от данни с фиксирана дължина
fixed length control field 180411b bul|||||r ||||||| ||bul||
020 ## - Международен стандартен номер на книга ISBN
Международен стандартен номер на книга ISBN 9786191612338
040 ## - Източник на каталожния запис
Идентификатор на билиотеката - собственик на записа BLK
041 ## - Код за език
Код за езика на текст/звукозапис или на отделно заглавие Български
Код за езика КДБФ Български
080 ## - УДК
Текстов определител УДК Индивидуална психология. Психология на личността. Индивидуалност. Психология на характера. Характерология. Психологическа типология
УДК код - определител по УДК 159.923
УДК - код + определител 159.923
100 ## - Редна дума - Автор
Автор Ларсен, Ерик Бертран
Авторска отговорност първи автор
R(LIN) 461337
139 ## - Редно поле
Редна дума Ларсен, Ерик Бертран
245 10 - Сведения за заглавието
Заглавие Без милост към себе си
Подзаглавни данни Стани по-добра своя версия
Редно поле (дума) Ерик Бертран Ларсен ; прев. от норв. Галина Узунова
260 ## - Област на издателските данни
Име на издателя, разпространителя и проч. Персей
Година на издаване 2020
Място на издаване, разпространение и проч. София
300 ## - Физическа характеристика
Страници 224 с.
Размери/Мащаб 20 см
380 ## - Жанр
Жанр Философия
650 #7 - Допълнително описание по предмет – тема
9 (RLIN) 170201
Основно описание – тема или топоним Самоусъвършенстване
650 #0 - Допълнително описание по предмет – тема
9 (RLIN) 243160
Основно описание – тема или топоним Личност - психология
700 ## - Други автори (авторска отговорност)
Лично име Узунова, Галина
Автороска отговорност (Описва отношението между автора и произведението) прев. от норв.
9 (RLIN) 1085
852 ## - Местоположение
Форматна сигнатура Цб 308687
856 4# - Електронен адрес и достъп
Електронен формат pdf - файл
856 4# - Електронен адрес и достъп
Електронен формат pdf - файл
999 ## - СИСТЕМНИ КОНТРОЛНИ НОМЕРА
Koha biblionumber 426343
Koha biblioitemnumber 426343
942 ## - АРТИКУЛИ
Вид на библиотечния материал Книги
Скрит в OPAC Не
Периодичен библиозапис Да
944 ## - СЪЗДАВАНЕ И РЕДАКЦИЯ на ЗАПИСА
Създаване/Редакция Създаване
Дата на регистрацията/редакция 2021-08-02
Служител, извършил регистрацията/редакцията НР
999 ## - СИСТЕМНИ КОНТРОЛНИ НОМЕРА
Koha biblioitemnumber 426340
999 ## - СИСТЕМНИ КОНТРОЛНИ НОМЕРА
Koha biblioitemnumber 426323
999 ## - СИСТЕМНИ КОНТРОЛНИ НОМЕРА
Koha biblioitemnumber 426322
Наличности
Код за отписване Код за изгубен артикул Източник на класификационната схема Код за повреда Коз за рестрикции Код за отдаване Артикулен № Име на библиотеката - собственик Име на библиотеката, в която се намира в момента Статус (Текущо местоположение) Дата на вписване в системата Местоположение - отдел Цена в лева Систематично азбучна сигнатура Баркод Цена в евро Служебен тип на артикула
  Не е изгубен Universal Decimal Classification Не е повреден само за читалня ползва се в читалня 846319 Регионална библиотека "Любен Каравелов" Русе Регионална библиотека "Любен Каравелов" Русе Хранилище 2021-08-03 Хранилище 13.00 Цб 308687 120000858898 6.65 Книги
Vip Innovations Ltd, Rousse, Bulgaria 2025